<?xml version="1.0" encoding="UTF-8"?>
<record
    xmlns:xsi="http://www.w3.org/2001/XMLSchema-instance"
    xsi:schemaLocation="http://www.loc.gov/MARC21/slim http://www.loc.gov/standards/marcxml/schema/MARC21slim.xsd"
    xmlns="http://www.loc.gov/MARC21/slim">

  <leader>01330nam0a2200361   4500</leader>
  <controlfield tag="001">RU\NLR\BIBL_A\012097258</controlfield>
  <controlfield tag="005">20190925152014.0</controlfield>
  <datafield tag="010" ind1=" " ind2=" ">
    <subfield code="a">978-5-903235-66-7</subfield>
    <subfield code="9">120</subfield>
  </datafield>
  <datafield tag="021" ind1=" " ind2=" ">
    <subfield code="a">RU</subfield>
    <subfield code="b">&#x41A;&#x41D;-&#x41F;-19-061249</subfield>
    <subfield code="9">&#x41A;&#x41D;-&#x41F;-19-4384</subfield>
  </datafield>
  <datafield tag="035" ind1=" " ind2=" ">
    <subfield code="a">(NLR Aleph) 012097258</subfield>
  </datafield>
  <datafield tag="035" ind1=" " ind2=" ">
    <subfield code="a">(RuMoRGB)010078952</subfield>
  </datafield>
  <datafield tag="090" ind1=" " ind2=" ">
    <subfield code="a">11887934</subfield>
    <subfield code="c">11887934</subfield>
  </datafield>
  <datafield tag="100" ind1=" " ind2=" ">
    <subfield code="a">20190920d2019    u  y0rusy50      ca</subfield>
  </datafield>
  <datafield tag="101" ind1="0" ind2=" ">
    <subfield code="a">rus</subfield>
  </datafield>
  <datafield tag="102" ind1=" " ind2=" ">
    <subfield code="a">RU</subfield>
  </datafield>
  <datafield tag="105" ind1=" " ind2=" ">
    <subfield code="a"> |||z|||000gy</subfield>
  </datafield>
  <datafield tag="200" ind1="1" ind2=" ">
    <subfield code="a">&#x411;&#x44B;&#x442;&#x44C;. &#x41B;&#x44E;&#x431;&#x438;&#x442;&#x44C;. &#x421;&#x43C;&#x435;&#x44F;&#x442;&#x44C;&#x441;&#x44F;. &#x432; &#x43E;&#x442;&#x43A;&#x440;&#x44B;&#x442;&#x43E;&#x43C; &#x43E;&#x43A;&#x435;&#x430;&#x43D;&#x435;</subfield>
    <subfield code="e">&#x441;&#x442;&#x438;&#x445;&#x438;</subfield>
    <subfield code="f">&#x41D;&#x443;&#x440;&#x438;&#x435;&#x432;&#x430; &#x414;&#x430;&#x440;&#x438;&#x43D;&#x430;</subfield>
  </datafield>
  <datafield tag="210" ind1=" " ind2=" ">
    <subfield code="a">&#x41A;&#x430;&#x437;&#x430;&#x43D;&#x44C;</subfield>
    <subfield code="c">&#x41E;&#x444;&#x441;&#x435;&#x442;-&#x421;&#x435;&#x440;&#x432;&#x438;&#x441;</subfield>
    <subfield code="d">2019</subfield>
  </datafield>
  <datafield tag="215" ind1=" " ind2=" ">
    <subfield code="a">92, [2] &#x441;.</subfield>
    <subfield code="c">&#x438;&#x43B;.</subfield>
    <subfield code="d">21</subfield>
  </datafield>
  <datafield tag="300" ind1=" " ind2=" ">
    <subfield code="a">&#x417;&#x430;&#x433;&#x43B;. &#x43E;&#x431;&#x43B;.: &#x411;.&#x41B;&#x42E;.&#x421;. &#x432; &#x43E;&#x442;&#x43A;&#x440;&#x44B;&#x442;&#x43E;&#x43C; &#x43E;&#x43A;&#x435;&#x430;&#x43D;&#x435;</subfield>
  </datafield>
  <datafield tag="327" ind1="1" ind2=" ">
    <subfield code="a">&#x421;&#x43E;&#x434;&#x435;&#x440;&#x436;.: &#x446;&#x438;&#x43A;&#x43B;&#x44B;: &#x411;&#x44B;&#x442;&#x44C;; &#x41B;&#x44E;&#x431;&#x438;&#x442;&#x44C;; &#x421;&#x43C;&#x435;&#x44F;&#x442;&#x44C;&#x441;&#x44F;</subfield>
  </datafield>
  <datafield tag="512" ind1="1" ind2=" ">
    <subfield code="a">&#x411;.&#x41B;&#x42E;.&#x421;. &#x432; &#x43E;&#x442;&#x43A;&#x440;&#x44B;&#x442;&#x43E;&#x43C; &#x43E;&#x43A;&#x435;&#x430;&#x43D;&#x435;</subfield>
  </datafield>
  <datafield tag="517" ind1="1" ind2=" ">
    <subfield code="a">&#x41B;&#x44E;&#x431;&#x438;&#x442;&#x44C;. &#x421;&#x43C;&#x435;&#x44F;&#x442;&#x44C;&#x441;&#x44F;. &#x432; &#x43E;&#x442;&#x43A;&#x440;&#x44B;&#x442;&#x43E;&#x43C; &#x43E;&#x43A;&#x435;&#x430;&#x43D;&#x435;</subfield>
  </datafield>
  <datafield tag="517" ind1="1" ind2=" ">
    <subfield code="a">&#x421;&#x43C;&#x435;&#x44F;&#x442;&#x44C;&#x441;&#x44F;. &#x432; &#x43E;&#x442;&#x43A;&#x440;&#x44B;&#x442;&#x43E;&#x43C; &#x43E;&#x43A;&#x435;&#x430;&#x43D;&#x435;</subfield>
  </datafield>
  <datafield tag="517" ind1="1" ind2=" ">
    <subfield code="a">&#x412; &#x43E;&#x442;&#x43A;&#x440;&#x44B;&#x442;&#x43E;&#x43C; &#x43E;&#x43A;&#x435;&#x430;&#x43D;&#x435;</subfield>
  </datafield>
  <datafield tag="686" ind1="2" ind2=" ">
    <subfield code="a">&#x428;6(2=&#x420;)8-5</subfield>
  </datafield>
  <datafield tag="700" ind1=" " ind2="1">
    <subfield code="a">&#x41D;&#x443;&#x440;&#x438;&#x435;&#x432;&#x430;</subfield>
    <subfield code="b">&#x414;.</subfield>
    <subfield code="g">&#x414;&#x430;&#x440;&#x438;&#x43D;&#x430;</subfield>
  </datafield>
  <datafield tag="942" ind1=" " ind2=" ">
    <subfield code="c">BOOK</subfield>
  </datafield>
  <datafield tag="980" ind1=" " ind2=" ">
    <subfield code="a">NBR</subfield>
  </datafield>
  <datafield tag="980" ind1=" " ind2=" ">
    <subfield code="a">NB</subfield>
  </datafield>
</record>
